Normal view
MARC view
- MS. Information Technology
Entry Topical Term
001 - CONTROL NUMBER
- control field: 26924
003 - CONTROL NUMBER IDENTIFIER
- control field: NUST
005 - DATE AND TIME OF LATEST TRANSACTION
- control field: 20191213122100.0
008 - FIXED-LENGTH DATA ELEMENTS
- fixed length control field: 191213|| aca||aabn | a|a d
040 ## - CATALOGING SOURCE
- Original cataloging agency: NUST
- Transcribing agency: NUST
150 ## - HEADING--TOPICAL TERM
- Topical term or geographic name entry element: MS. Information Technology
670 ## - SOURCE DATA FOUND
- Source citation: Work cat.: (NUST): Asad ur Rehman. 26923, A Dynamic Framework to Support Offloading Under Resource Constrained Environment /, 2018.
